| 000 | 00640nam a2200241 a 4500 | ||
|---|---|---|---|
| 001 | nice12345678 | ||
| 003 | IN_TiNIC | ||
| 005 | 20260116014546.0 | ||
| 008 | 050524s2000 lona grp 000 0 eng | ||
| 020 |
_a0197319 _c575 |
||
| 082 | 0 | 0 |
_a305.4 _bPRE |
| 100 | _aPresser, Harriet B | ||
| 245 |
_aWomen`s Empowerment and Demographic Processes _b Moving Beyond Cairo |
||
| 260 |
_aLondan _bOxford University Press _c2000 |
||
| 300 | _a426p | ||
| 500 | _aincludes index and biblioraphy | ||
| 505 | 2 | _aIndex | |
| 650 | _aFamily-Planning | ||
| 650 | _aWomen-Empowerment | ||
| 902 | _bSRS | ||
| 942 | _cBK | ||
| 999 |
_c15968 _d15968 |
||